|
|
|
|
| LEADER |
00000nla2a2200000 4500 |
| 001 |
191098 |
| 005 |
20240827063210.0 |
| 035 |
|
|
|a (RuTPU)RU\TPU\book\208343
|
| 035 |
|
|
|a RU\TPU\book\208328
|
| 090 |
|
|
|a 191098
|
| 100 |
|
|
|a 20110202d2001 km y0rusy50 ca
|
| 101 |
0 |
|
|a rus
|
| 102 |
|
|
|a RU
|
| 135 |
|
|
|a drnn ---uucaa
|
| 181 |
|
0 |
|a i
|
| 182 |
|
0 |
|a b
|
| 200 |
1 |
|
|a Земля и люди геолога Обручева. Сибирская геологическая школа
|b Электронный ресурс
|f С. Л. Шварцев
|
| 203 |
|
|
|a Текст
|c электронный
|
| 215 |
|
|
|a 1 файл (18.9 Мб)
|
| 225 |
1 |
|
|a Юбилеи: 100 лет горно-геологическому образованию в Сибири
|
| 230 |
|
|
|a Электронные текстовые данные (1 файл : 18.9 Мб)
|
| 300 |
|
|
|a Заглавие с титульного листа
|
| 300 |
|
|
|a Электронная версия печатной публикации
|
| 337 |
|
|
|a Adobe Reader
|
| 461 |
|
1 |
|0 (RuTPU)RU\TPU\book\202435
|t Томский политехник
|o ежегодный журнал
|f Томский политехнический университет (ТПУ), Ассоциация выпускников
|d 1995-
|
| 463 |
|
1 |
|0 (RuTPU)RU\TPU\book\208277
|t Вып. 7
|v [С. 20-25]
|d 2001
|p 208 с.
|
| 600 |
|
1 |
|a Обручев
|b В. А.
|c российский геолог
|c профессор Томского технологического института
|c исследователь Сибири, Центральной и Средней Азии
|c географ
|f 1863-1956
|g Владимир Афанасьевич
|y Томск
|7 ca
|8 rus
|2 stltpush
|3 (RuTPU)RU\TPU\pers\996
|9 441
|
| 600 |
|
1 |
|a Гудков
|b П. П.
|c российский геолог
|c профессор Томского технологического института (1907-1918)
|g Павел Павлович
|f 1881-1955
|y Томск
|x TPU
|2 stltpush
|3 (RuTPU)RU\TPU\pers\13854
|
| 600 |
|
1 |
|a Кузнецов
|b Ю. А.
|c российский геолог
|f 1903-1982
|g Юрий Алексеевич
|c профессор Томского политехнического института
|y Томск
|2 stltpush
|3 (RuTPU)RU\TPU\pers\8363
|
| 600 |
|
1 |
|a Кузнецов
|b В. А.
|c российский геолог, академик
|c выпускник Томского политехнического института
|f 1906-1985
|g Валерий Алексеевич
|2 stltpush
|3 (RuTPU)RU\TPU\pers\26265
|9 12039
|
| 600 |
|
1 |
|a Поляков
|b Г. В.
|c российский геолог
|c член-корреспондент РАН
|f 1931-
|g Глеб Владимирович
|2 stltpush
|3 (RuTPU)RU\TPU\pers\26269
|
| 600 |
|
1 |
|a Шварцев
|b С. Л.
|c российский гидрогеолог, доктор геолого-минералогических наук
|c профессор Томского политехнического университета, академик РАЕН
|f 1936-
|g Степан Львович
|y Томск
|x TPU
|2 stltpush
|3 (RuTPU)RU\TPU\pers\25914
|
| 600 |
|
1 |
|a Усов
|g Михаил Антонович
|b М. А.
|c российский геолог
|c профессор Томского технологического института
|f 1883-1939
|y Томск
|2 stltpush
|3 (RuTPU)RU\TPU\pers\1941
|
| 600 |
|
1 |
|a Коровин
|b М. К.
|c российский геолог
|c профессор Томского технологического института
|f 1883-1956
|g Михаил Калинникович
|y Томск
|2 stltpush
|3 (RuTPU)RU\TPU\pers\13856
|9 4368
|
| 601 |
0 |
2 |
|a Томский технологический институт (ТТИ)
|c (1896-1923)
|2 stltpush
|3 (RuTPU)RU\TPU\col\9244
|
| 601 |
0 |
2 |
|a Томский политехнический институт (ТПИ)
|c (1944-1991)
|2 stltpush
|3 (RuTPU)RU\TPU\col\1123
|
| 601 |
0 |
2 |
|a Томский политехнический университет (ТПУ)
|c (1991-2009)
|2 stltpush
|3 (RuTPU)RU\TPU\col\376
|
| 610 |
1 |
|
|a геологи
|
| 610 |
1 |
|
|a профессора
|
| 610 |
1 |
|
|a исследователи
|
| 610 |
1 |
|
|a географы
|
| 610 |
1 |
|
|a академики
|
| 610 |
1 |
|
|a Сибирская геологическая школа
|
| 610 |
1 |
|
|a биографии
|
| 610 |
1 |
|
|a труды учёных ТПУ
|
| 610 |
1 |
|
|a электронный ресурс
|
| 700 |
|
1 |
|a Шварцев
|b С. Л.
|c российский гидрогеолог, доктор геолого-минералогических наук
|c профессор Томского политехнического университета, академик РАЕН
|f 1936-
|g Степан Львович
|2 stltpush
|3 (RuTPU)RU\TPU\pers\25914
|
| 801 |
|
1 |
|a RU
|b 63413507
|c 20101101
|
| 801 |
|
2 |
|a RU
|b 63413507
|c 20110413
|g RCR
|
| 856 |
4 |
|
|u http://www.lib.tpu.ru/fulltext/v/Tomsk_polytechnic/2001/N7a8_full.pdf
|z Цветная версия без потери качества
|
| 942 |
|
|
|c CF
|